[Event "Linares 15th"]
[Site "Linares"]
[Date "1998.03.01"]
[Round "7"]
[White "Kasparov, Garry"]
[Black "Shirov, Alexei"]
[Result "1/2-1/2"]
[WhiteElo "2825"]
[BlackElo "2710"]
[Annotator "Wedberg,T"]
[PlyCount "43"]
[EventDate "1998.02.22"]
[EventType "tourn"]
[EventRounds "12"]
[EventCountry "ESP"]
[EventCategory "21"]
[SourceTitle "CBM 064"]
[Source "ChessBase"]
[SourceDate "1998.06.02"]
[SourceVersion "1"]
[SourceVersionDate "1998.06.02"]
[SourceQuality "1"]

{Kasparov plays a new and very natural move against Shirovs gambit. The game
threatens to become very complicated at one point, but Kasparov opts out and
settles for a draw soon after.} 1. e4 e5 2. Nf3 Nc6 3. Bb5 a6 4. Ba4 Nf6 5. O-O
b5 6. Bb3 Bc5 7. a4 Bb7 8. Nc3 O-O 9. d3 Na5 {A modern gambit. Black gives a P
and plays for activity.} 10. axb5 Nxb3 11. cxb3 axb5 12. Rxa8 Bxa8 13. Nxe5 d5
14. Bg5 $146 (14. Ng4 dxe4 15. Nxf6+ Qxf6 16. dxe4 Rd8 17. Qc2 Qg6 18. Be3 Bxe3
19. fxe3 b4 20. Nd5 $1 $14 {1-0 Ivanchuk,V-Anand,V/Monaco rapid 1995/EXP 46 
(36)}) 14... Be7 15. Nxb5 dxe4 16. dxe4 Bxe4 17. Nc3 (17. Qxd8 {with the idea
to try to take c7 as fast as possible, suffer some counterplay by Black and
finally win with an extra P on the Q-side. Thats the idea, but Black seems to
be able to create enough counter chances with his pair of B:s.} Rxd8 (17...
Bxd8 $2 18. Bxf6 Bxf6 (18... gxf6 19. Nd7 Re8 20. Re1 $18) 19. Nd7 Bd3 (19...
Bc6 20. Nxf6+ gxf6 21. Nd4 $16) 20. Nxc7 {One enemy less.} Bxf1 21. Nxf8 Bd3 (
21... Kxf8 22. Kxf1 $16) 22. Nd7 Bxb2 23. b4 $16) 18. Nxc7 {A somewhat risky
position for the N:s, but it's not so easy to utilise immediately.} h6 $1 (
18... Bd6 $2 19. Ng4 $1 Bxc7 20. Bxf6 $18 {The counter fork on f6 wins the
game.}) (18... Rc8 19. Rc1 h6 20. Bxf6 Bxf6 21. f4 $14) 19. f3 (19. Bxf6 Bxf6
20. Nc4 Bc2 $44) (19. Bh4 $2 Rc8 20. Rc1 $8 Bd8 21. Ng4 Nxg4 22. Bxd8 Rxd8 23.
f3 Bb7 24. fxg4 Rd2 $17) (19. Bf4 Nh5 20. g3 Bd6 21. Re1 Nxf4 22. gxf4 Bc2 23.
Nc6 Rd7 24. Nb5 Bxf4 $132) 19... hxg5 20. fxe4 Bd6 21. Nc6 Rc8 22. Nb5 Bc5+ (
22... Rxc6 23. Nxd6 Rxd6 24. e5 Rb6 25. exf6 Rxb3 26. fxg7 Rxb2 27. Rf5 f6 28.
Rxf6 Kxg7 $11) 23. Ncd4 Rb8 24. Kh1 Nxe4 $132) (17. Re1 {Anand-Shirov/Linares 
(8)/1998}) 17... Bb7 {Whites material advantage is miniscule. Blacks pair of B:
s should be adequate compensation.} 18. Re1 h6 19. Bf4 Bb4 20. Ng4 Nxg4 21.
Qxg4 Re8 22. Rxe8+ (22. Rxe8+ Qxe8 23. Be3 Bd6 $11) 1/2-1/2

[Event "Skolernes Skakklub"]
[Site "Aarhus"]
[Date "1997.06.25"]
[Round "6"]
[White "Hellers, Ferdinand"]
[Black "Adams, Michael"]
[Result "0-1"]
[WhiteElo "2585"]
[BlackElo "2665"]
[Annotator "Wedberg,T"]
[PlyCount "74"]
[EventDate "1997.06.20"]
[EventType "tourn"]
[EventRounds "9"]
[EventCountry "DEN"]
[EventCategory "14"]
[SourceTitle "CBM 060"]
[Source "ChessBase"]
[SourceDate "1997.09.29"]
[SourceVersion "1"]
[SourceVersionDate "1997.09.29"]
[SourceQuality "1"]

{Adams plays the obvious improvement 10. - bxc4 and hits a very weak spot in
Hellers preperations.} 1. e4 e5 2. Nf3 Nc6 3. Bb5 a6 4. Ba4 Nf6 5. O-O b5 6.
Bb3 Bc5 7. Nxe5 Nxe5 8. d4 Bxd4 9. Qxd4 d6 10. c4 (10. c3 Bb7 (10... O-O 11. a4
Bb7 12. f3 c5 13. Qe3 c4 14. Bc2 d5 15. axb5 axb5 16. Rxa8 Bxa8 17. exd5 $14 {
Hulak,K-Fernandes,A/Budva/1981/}) 11. f3 h6 (11... c5 12. Qe3 (12. Qd1 O-O 13.
a4 Bc6 14. Na3 Re8 15. c4 bxc4 16. Nxc4 Nxc4 17. Bxc4 d5 18. exd5 Bxd5 19. b3
Bxc4 20. bxc4 Qc7 $10 {De Firmian,N-Tkachiev,V/New York/1995/0,5/29/}) 12...
O-O 13. Rd1 Re8 14. h3 (14. a4 $5) 14... Qc7 15. Qf2 c4 16. Bc2 d5 $36 {
0-1 Lau,R-Onischuk,A/Vienna op 1996/EXP 53/[Chekhov] (29)}) 12. Rd1 O-O 13. a4
Qe7 14. axb5 axb5 15. Rxa8 Rxa8 16. Na3 Bc6 17. c4 bxc4 18. Nxc4 Ba4 $10 {
Stefansson,H-Malaniuk,V/Moscow/1994/0,5/31/}) (10. Qe3 O-O 11. Nd2 Be6 12. f4
$14 {Roman,D-Stephan,E/Val Maubuee/1990/}) (10. f4 $5 {See Aagaaard-Emms/
London/1997}) (10. a4 $2 c5 11. Qe3 O-O 12. axb5 c4 13. Ba2 axb5 $17 {Dutreeuw,
M-Motwani,P/Moscow ol/1994}) 10... bxc4 $146 (10... c5 11. Qd1 O-O (11... bxc4
12. Ba4+ Kf8 13. Nc3 $44) 12. cxb5 axb5 13. Bg5 c4 14. Bc2 b4 15. Nd2 Ba6 $13 {
Kruppa,Y-Onischuk,A/Nikolaev zt 1995/CBM 47/[Wedberg]/1-0 (54)}) 11. Bxc4 $2 (
11. Ba4+ Bd7 12. Bxd7+ Qxd7 13. f4 c5 14. Qc3 Nd3 15. Qxc4 Qb5 $13) 11... c5
12. Qd1 (12. Qc3 Nxe4 $17) 12... Nxc4 13. Qa4+ Bd7 14. Qxc4 {Given as +/= in
my annotations to Kruppa-Onischuk, Moscow 1994, in CBM 47 - Fritz must have
been sleeping. Hellers claimed to have seen the line somewhere before, but he
only smiled when I told him the horrible truth.} Bb5 $19 15. Qc2 Bxf1 16. Kxf1
O-O 17. Bg5 h6 18. Bxf6 Qxf6 19. Nc3 Qf4 20. Kg1 f5 21. Rd1 fxe4 22. Nxe4 Rae8
23. Nc3 Kh8 24. f3 Re6 25. h3 Qh4 26. Ne4 c4 $2 (26... Rxf3 $1 27. gxf3 Rg6+
28. Kh2 Qf4+ 29. Kh1 Qxf3+ 30. Kh2 d5 $1 $19) 27. Qxc4 Rg6 28. Kh1 Qf4 (28...
Rxf3 $2 29. Qc8+ $18) 29. Qe2 a5 30. Qd3 $6 (30. Qd2 $142 $15) 30... Rf5 31.
Nxd6 $2 (31. Qd2 $142) 31... Qg3 $1 $19 32. Rg1 Rh5 33. Nf7+ Kh7 34. Qd7 Rf6
35. Rf1 Rhf5 (35... Qg6 36. Nd8 Rd6 37. Qe7 Qd3 $19) 36. Nd8 Rg6 37. Qd2 Rd5
0-1

[Event "Bermuda-A"]
[Site "Bermuda"]
[Date "2003.01.29"]
[Round "5"]
[White "Svidler, Peter"]
[Black "Christiansen, Larry Mark"]
[Result "1-0"]
[WhiteElo "2693"]
[BlackElo "2562"]
[Annotator "Wedberg,T"]
[PlyCount "61"]
[EventDate "2003.01.25"]
[EventType "tourn"]
[EventRounds "11"]
[EventCountry "BER"]
[EventCategory "15"]
[SourceTitle "CBM 094"]
[Source "ChessBase"]
[SourceDate "2003.05.26"]
[SourceVersion "1"]
[SourceVersionDate "2003.05.26"]
[SourceQuality "1"]

1. e4 e5 2. Nf3 Nc6 3. Bb5 a6 4. Ba4 Nf6 5. O-O b5 6. Bb3 Bb7 7. c3 Nxe4 8. d4
Na5 9. Bc2 exd4 10. Nxd4 c5 11. Nf5 Qf6 (11... d5 {is the main alternative to
the text} 12. f3 (12. a4 g6 13. f3 Nf6 14. Qe2+ Kd7 15. axb5 axb5 16. Bg5 h6
17. Bh4 gxf5 18. Bxf5+ Kc6 19. Na3 {is highly unclear - see 1/2-1/2 Ivanovic,
B-Mikhalchishin,A/Herceg Novi 1999/EXT 2001 (41)}) 12... Ng5 13. Bxg5 Qxg5 14.
Re1+ Kd7 15. Nd2 g6 16. f4 Qxf4 17. Rf1 Qc7 18. Ne3 f5 19. Bxf5+ (19. Nb3 Nxb3
20. Nxd5 Qd6 21. Bxb3 Rd8 22. Nf4 c4 23. Bc2 Kc8 24. Qxd6 Bxd6 $17 {0-1
Yurtaev,L-Kuzmin,A/Dubai 1999/CBM 70 ext (62)}) 19... gxf5 20. Rxf5 Kc8 21.
Nxd5 Bxd5 22. Rxd5 $13 {0-1 (57) Almasi - Beliavsky, Vrnjacka Banja 1998.}) 12.
Nd2 $1 d5 13. Nxe4 dxe4 14. Ng3 Be7 15. Nxe4 Qc6 16. Qh5 g6 (16... Nc4 17. b3
g6 18. Qh3 Nd6 19. Re1 O-O 20. Bf4 Nf5 21. Ng5 Bxg5 22. Bxg5 $16 {1-0 Almasi,
Z-Beliavsky,A/Dortmund 1998/CBM 66/[Wedberg] (43). (42)}) (16... Qg6 17. Qe2
Qe6 18. Bf4 (18. Re1 h6 19. Nxc5 $16 {1-0 Yurtaev,L-Mozaliov,S/Smolensk 1997/
EXP 58 (27)}) 18... O-O 19. Rfe1 Rfe8 20. Rad1 Bf8 21. Qh5 $40 {1-0 Smirnov,
P-Belozerov,A/Novokuznetsk 1999/EXT 2001 (37)}) 17. Qh3 $146 (17. Qe5 f6 18.
Qg3 O-O 19. f3 $1 $14 {has been played a couple of times.}) 17... O-O 18. b3 {
[%csl Ra5][%mdl 4] This move highlights one of Black's main problems - the
inactive N on a5. The other headache is the weak K.} Rfe8 19. Re1 Bf8 20. Bf4
h5 21. Qg3 Re6 $6 (21... h4 $5 {with the idea} 22. Qxh4 (22. Qh3) 22... f5 $40)
22. Re3 f5 23. Ng5 Rxe3 24. fxe3 h4 25. Qh3 {[%cal Ye3e4,Yh3h4,Yh4h7] Black
has made some aggressive moves, but he hasn't changed the status of his two
weaknesses: the K and the N. White threatens to play simply e3-e4 with an
overwhelming position.} Bd6 (25... Be7 26. e4 Bxg5 27. Bxg5 fxe4 28. Re1 Re8
29. Qxh4 e3 30. Re2 $18) 26. Bxd6 Qxd6 27. Qxh4 Qe7 28. e4 $1 fxe4 29. Rf1 Bd5
30. Bxe4 $1 Rd8 (30... Bxe4 31. Rf7 $18) 31. Bxd5+ (31. Bxd5+ Rxd5 32. Rf8+ $1)
1-0

[Event "Belgrade Investbank"]
[Site "Belgrade"]
[Date "1997.11.14"]
[Round "4"]
[White "Kovacevic, Aleksandar"]
[Black "Anand, Viswanathan"]
[Result "0-1"]
[WhiteElo "2525"]
[BlackElo "2765"]
[Annotator "Wedberg,T"]
[PlyCount "60"]
[EventDate "1997.11.11"]
[EventType "tourn"]
[EventRounds "9"]
[EventCountry "YUG"]
[EventCategory "18"]
[SourceTitle "CBM 062"]
[Source "ChessBase"]
[SourceDate "1998.01.31"]
[SourceVersion "1"]
[SourceVersionDate "1998.01.31"]
[SourceQuality "1"]

{Anands novelty gives Black good play on the Q-side. In this game it more than
compensates Whites activity on the other side.} 1. e4 e5 2. Nf3 Nc6 3. Bb5 a6
4. Ba4 Nf6 5. O-O Bc5 6. c3 b5 7. Bb3 d6 8. a4 Bg4 9. h3 Bh5 (9... Bxf3 10.
Qxf3 O-O 11. d3 Na5 12. Bc2 b4 13. Nd2 Rb8 14. Re1 h6 15. Rb1 b3 16. Bd1 Qd7
17. Ra1 $14 {Leko,P-Garcia,G/Yopal 1997/CBM 60/[Rodriguez,Am]/1-0 (52)}) 10. d3
Rb8 (10... O-O 11. Bg5 Rb8 12. axb5 axb5 13. Nbd2 h6 14. Be3 Nd7 15. Qe1 b4 16.
Ba4 bxc3 17. bxc3 Ne7 18. d4 exd4 19. cxd4 Bb4 20. g4 Bg6 21. Qe2 c5 $132 {
1/2-1/2 Korneev,O-Gomez Esteban,J/Elgoibar 1996/EXP 57 (47)}) 11. axb5 (11.
Nbd2 Nd7 12. Re1 O-O 13. Nf1 Na5 14. Bc2 b4 15. Be3 b3 16. Bb1 Bxe3 17. Nxe3
Bxf3 18. Qxf3 c5 19. Qg3 g6 20. f4 f6 21. Rf1 Rf7 22. d4 c4 $17 {Zeit 1-0
Berndt,S-Erler,R/BL2-N9697 1997/BL2-N (36)}) 11... axb5 12. Re1 (12. Be3 Bxe3
13. fxe3 Bxf3 $6 14. Qxf3 O-O 15. Nd2 $14 {0-1 Leko,P-Shirov,A/Tilburg Fontys
1996/CBM 56/[Shirov] (89)}) 12... O-O (12... h6 13. Nbd2 g5 $6 14. g4 $1 $16 {
1-0 Almasi,Z-Degraeve,J/EU-chTM 1997/EXP 57/[Wedberg] (28)}) 13. Nbd2 Ra8 $146
(13... b4 14. Ba4 bxc3 15. bxc3 Ne7 16. Nf1 Nd7 17. Ng3 Bg6 18. Bb3 h6 19. Rb1
Kh8 20. Nh4 Bh7 21. Qf3 Nd5 $132 {1/2-1/2 Almasi,Z-Shirov,A/Porzellan Cup rap
1997/EXT 97 (35)}) 14. Rxa8 (14. Rb1 $5) 14... Qxa8 15. Nf1 Qa7 16. Qe2 (16.
Be3 $11) 16... b4 17. g4 Bg6 18. Ne3 Rb8 19. Bc2 Qa1 $1 $36 {Whites rather
passive play is being refuted. Now both bxc3 and b3 is threatened.} 20. Qd2 Qa2
21. Bd1 Nd8 22. g5 Bxe3 23. fxe3 Nd7 24. cxb4 Nc6 25. Qc3 Qa8 26. Nh4 Nxb4 27.
Nxg6 hxg6 28. Bb3 Nc5 29. Bc4 Nbxd3 $1 30. Rf1 (30. Bxd3 Rb3 $19) 30... Qxe4 (
30... Qxe4 31. Rxf7 Kh7 (31... d5 32. Bxd3 Qxd3 33. Qxc5 Kxf7 34. Qxc7+ Ke6 35.
Qxb8 Qd1+ 36. Kf2 Qxc1 $11) 32. Bxd3 (32. Rxc7 Nxc1 33. Qxc1 Qh4 $19) 32...
Qxd3 (32... Nxd3 $2 33. Rxg7+ $1) 33. Qxd3 Nxd3 34. Rxc7 Rb3 $17) 0-1

[Event "Belgrade Investbank"]
[Site "Belgrade"]
[Date "1997.11.17"]
[Round "6"]
[White "Anand, Viswanathan"]
[Black "Shirov, Alexei"]
[Result "1/2-1/2"]
[WhiteElo "2765"]
[BlackElo "2700"]
[Annotator "Wedberg,T"]
[PlyCount "45"]
[EventDate "1997.11.11"]
[EventType "tourn"]
[EventRounds "9"]
[EventCountry "YUG"]
[EventCategory "18"]
[SourceTitle "CBM 062"]
[Source "ChessBase"]
[SourceDate "1998.01.31"]
[SourceVersion "1"]
[SourceVersionDate "1998.01.31"]
[SourceQuality "1"]

1. e4 e5 2. Nf3 Nc6 3. Bb5 a6 4. Ba4 Nf6 5. O-O b5 6. Bb3 Bc5 7. a4 Rb8 8. axb5
axb5 9. Nxe5 Nxe5 10. d4 Bxd4 11. Qxd4 d6 12. f4 Nc6 13. Qc3 Ne7 14. Ra7 c5 15.
e5 Nfd5 16. Bxd5 Nxd5 17. Qf3 $146 (17. Qg3 O-O 18. Nc3 Ne7 $2 (18... Nxc3 $11)
19. exd6 Nf5 20. Qf2 Qb6 21. Rc7 $16 {1-0 Polgar,J-Shirov,A/Fontys 1997/CBM 61/
[Winants] (25)}) 17... Qb6 18. Rxf7 (18. Ra1 Nb4 $11) 18... c4+ (18... Kxf7 19.
Qxd5+ Be6 20. Qd1 dxe5 $2 (20... Bf5 21. Qd5+ $11) 21. f5 Bc4 22. Qd7+ Kg8 23.
f6 gxf6 24. Bh6 Bf7 25. Rf3 $18) 19. Kh1 Kxf7 20. Qxd5+ Be6 21. Qd1 Bf5 (21...
dxe5 22. f5 $40) 22. Qd5+ Be6 23. Qd1 1/2-1/2

[Event "Gausdal MI 9394"]
[Site "Gausdal"]
[Date "1993.??.??"]
[Round "2"]
[White "Ernst, Thomas"]
[Black "Sahl, Bjarke"]
[Result "1/2-1/2"]
[WhiteElo "2480"]
[BlackElo "2470"]
[Annotator "Wedberg,T"]
[PlyCount "116"]
[EventDate "1993.12.??"]
[EventType "tourn"]
[EventRounds "9"]
[EventCountry "NOR"]
[EventCategory "9"]
[SourceTitle "CBM 040"]
[Source "ChessBase"]
[SourceDate "1994.06.01"]
[SourceVersion "1"]
[SourceVersionDate "1994.06.01"]
[SourceQuality "1"]

1. e4 e5 2. Nf3 Nc6 3. Bb5 a6 4. Ba4 Bc5 5. c3 Nf6 6. d4 Ba7 (6... Bb6 {
--> Mortensen,E-Kristensen,B/Vejle/1994/1/2-1/2/61}) 7. O-O O-O $6 (7... b5 8.
Bc2 d6 9. a4 O-O 10. axb5 axb5 11. Na3 Ba6 {= Hellers,F-Kristensen,B/Skei/1993/
0-1/32}) 8. Bg5 h6 9. Bh4 d6 (9... g5 $6 10. Nxg5 hxg5 11. Bxg5 $16 {->}) 10.
Bxc6 $14 bxc6 11. dxe5 dxe5 12. Nxe5 g5 13. Bg3 Qxd1 14. Rxd1 Nxe4 15. Nxc6
Nxg3 16. hxg3 Bc5 17. Nd2 Re8 18. Re1 Bf5 19. Nb3 Bd6 20. Nbd4 Bd7 21. Kf1 a5
22. Rxe8+ Bxe8 23. Re1 Kf8 24. b3 Ra6 25. Ne5 a4 26. b4 c5 27. b5 Rb6 28. Nc4
cxd4 29. Nxb6 dxc3 30. Rc1 Bxb5+ 31. Kg1 Be5 32. Nd5 Bc4 33. Nxc3 a3 34. Nb5 $1
Bxa2 (34... Bxb5 35. Rc5 $18) 35. Nxa3 Be6 36. Nc4 Bd4 37. Kf1 Kg7 38. Ke2 Kg6
39. Ne3 Be5 40. Kd3 Bb8 41. Rc6 Ba7 42. Ke4 Kh5 43. f3 Kg6 44. Nf5 h5 45. Nd4
Bxd4 46. Kxd4 $18 Kf5 47. Rc5+ Kf6 48. f4 $2 (48. Ke4 Kg6 49. Rc6 Kf6 50. Rb6
Ke7 51. f4 $18) 48... gxf4 49. gxf4 Bg4 $10 50. Ke4 Kg6 51. Ke5 f6+ 52. Kd6 (
52. Ke4 h4 53. Rc3 Bf5+ 54. Kf3 Be6 55. Rc5 Bd7 56. Rc1 Kf5 57. Rh1 Bc6+ 58.
Kf2 Kg4 $10) 52... h4 53. Ke7 h3 54. gxh3 Bxh3 55. Rc6 $2 Kf5 $1 56. Rxf6+ Ke4
{/\Bf5,Kxf4} 57. Rh6 Bg4 58. Kf6 Kxf4 1/2-1/2

[Event "Belgrade Investbank"]
[Site "Belgrade"]
[Date "1997.11.13"]
[Round "3"]
[White "Anand, Viswanathan"]
[Black "Ivanchuk, Vassily"]
[Result "1/2-1/2"]
[WhiteElo "2765"]
[BlackElo "2725"]
[Annotator "Wedberg,T"]
[PlyCount "64"]
[EventDate "1997.11.11"]
[EventType "tourn"]
[EventRounds "9"]
[EventCountry "YUG"]
[EventCategory "18"]
[SourceTitle "CBM 062"]
[Source "ChessBase"]
[SourceDate "1998.01.31"]
[SourceVersion "1"]
[SourceVersionDate "1998.01.31"]
[SourceQuality "1"]

1. e4 e5 2. Nf3 Nc6 3. Bb5 a6 4. Ba4 Nf6 5. O-O b5 6. Bb3 Bb7 7. Re1 Bc5 8. c3
O-O $5 {This is not just a transposition, it's a rather cunning way to avoid
Whites most solid setup with the B on e3 against the Arkhangelsk. On 8. - d6
White can enter that setup without problems. Statistics must be viewed with
caution , but in Mega 98' the setup with Be3 gives White a healthy score of
57% while the lines with Bg5 yields White a meagre 46%. This is reason enough
to try to lure the white B to g5.} 9. d4 Bb6 10. Be3 {White is stubborn and
plays the Be3 setup anyway.} (10. d5 Na5 11. Bc2 d6 12. Bg5 c6 13. dxc6 Bxc6
14. Nbd2 h6 15. Bh4 g5 16. Bg3 Rc8 $6 (16... Nh5 $142) 17. Nf1 Nb7 18. h4 $16 {
1-0 Aseev,K-Volzhin,A/Novgorod op 1995/EXP 49 (27)}) (10. Bg5 h6 11. Bh4 d6 {
and Black has reached the type of position he likes in the Arkhangelsk}) 10...
exd4 11. cxd4 Na5 $1 {This is the simple point. Threats against e4 and Bb3
forces White to do something.} (11... Nxe4 $2 12. d5 $16) 12. Bg5 $146 {
A new move, but Black can handle it.} (12. d5 Bxe3 13. Rxe3 Nxb3 14. Qxb3 c6 {
White is in need of a good move/idea in this position.} 15. dxc6 (15. Nc3 cxd5
(15... Re8 16. dxc6 dxc6 17. e5 Nd5 18. Rd1 $14 {Zontakh,A-Rause,O/Berliner
Sommer 1995/EXP 47/1-0 (45)}) 16. e5 d4 17. Nxd4 Ng4 18. Re2 Qh4 19. h3 Nxe5
20. Rxe5 Qxd4 $15 {1/2-1/2 Wu Xibin-Rausis,I/Lee Cup 1996/EXP 54 (33)}) 15...
dxc6 16. Nc3 (16. Qb4 c5 17. Qxc5 Nxe4 18. Qb4 Rc8 $15) 16... c5 17. h3 Qe7 18.
e5 c4 19. Qc2 (19. Qd1 Rad8 20. Nd4 Ne4 $1 21. Nxe4 Qxe5 $17) 19... Nd7 20. Qf5
Qe6 21. Qf4 $6 (21. Nd4 $142 Qxf5 22. Nxf5 b4 23. Nd5 $1 $11) 21... Bxf3 {
1/2-1/2 Wedberg,T-Rausis,I/Osterskar 1995} 22. Qxf3 Nc5 $15 (22... Nxe5 $2 23.
Qg3 $16)) 12... Nxb3 13. axb3 h6 14. Bh4 (14. Bxf6 Qxf6 15. Nc3 d6 16. Qd3 c5
$36) 14... g5 15. Nxg5 $1 (15. Bg3 Nxe4 $17) 15... Nxe4 $1 (15... hxg5 16. Bxg5
d6 17. Re3 $40) 16. Nxe4 Qxh4 {This looks good for Black: pair of B:s, g and
e-files, active Q, weak d4-P.} 17. Nbc3 Kh8 18. Nc5 (18. Re3 Rg8 19. Kh1 Rae8
20. Rh3 $2 Bxe4 $1 $19) 18... Bc6 (18... Bxc5 19. dxc5 Rg8 20. g3 Qh3 21. Nd5
$13) 19. g3 Rg8 20. Re5 $1 {Very active counterplay and that is indeed Whites
only hope.} Rg4 (20... d6 21. Rh5 Qf6 22. Qd2 $132) 21. N5e4 Rag8 (21... b4 22.
Nd5 $132) 22. f3 R4g6 $138 (22... Rxg3+ $5 {Annand} 23. hxg3 Rxg3+ (23... d6 $3
24. Rf5 Rxg3+ $1 25. Nxg3 Qxg3+ 26. Kf1 Qh3+ 27. Kf2 Qxf5 $19) 24. Nxg3 Bxd4+
25. Kg2 Bxe5 26. Qe1 Qf4 27. Qf2 $16) 23. Kg2 (23. Kh1 $5) 23... d6 24. Rf5 Bd7
25. Rxf7 Be6 26. Kh1 Rxg3 27. Nxg3 Bxf7 $17 28. Nce4 d5 29. Nf5 Qf4 30. Neg3
Be6 31. Ne7 (31. Qd3 $142) 31... Rg7 $2 (31... Rxg3 $1 32. hxg3 Qxg3 33. Qd2
Qh4+ 34. Qh2 Qxe7 35. Qxh6+ Qh7 $19) (31... Rxg3 $19) 32. Nc6 (32. Nh5 $1)
32... Bh3 (32... Bh3 33. Rxa6 (33. Qe2 Qd6 $15) 33... Qe3 $1 $13) 1/2-1/2

[Event "Bundesliga 0304"]
[Site "Germany"]
[Date "2004.03.06"]
[Round "10.3"]
[White "Hansen, Sune Berg"]
[Black "Beliavsky, Alexander G"]
[Result "0-1"]
[WhiteElo "2551"]
[BlackElo "2667"]
[Annotator "Wedberg,T"]
[PlyCount "52"]
[EventDate "2003.11.01"]
[EventType "team-tourn"]
[EventRounds "15"]
[EventCountry "GER"]
[SourceTitle "CBM 100"]
[Source "ChessBase"]
[SourceDate "2004.06.01"]
[SourceVersion "1"]
[SourceVersionDate "2004.06.01"]
[SourceQuality "1"]
[WhiteTeam "Hamburger SK"]
[BlackTeam "Porz"]
[WhiteTeamCountry "GER"]
[BlackTeamCountry "GER"]

1. e4 e5 2. Nf3 Nc6 3. Bb5 a6 4. Ba4 Nf6 5. O-O b5 6. Bb3 Bb7 7. c3 Nxe4 8. d4
Na5 9. Nxe5 Nxb3 10. Qxb3 Nd6 11. a4 (11. c4 {was popular for a while, but
after} f6 $5 {Black seems to be perfectly OK.} (11... bxc4 12. Nxc4 Nxc4 13.
Qxb7 $14) 12. c5 fxe5 13. cxd6 cxd6 (13... Bxd6 14. dxe5 Bxe5 15. Re1 Qe7 16.
Bf4 d6 $13 {1/2-1/2 L'Ami,E-Van der Wiel,J/Leeuwarden 2003/CBM 96 (22)}) 14.
Re1 Qf6 15. dxe5 dxe5 16. Nc3 Rc8 17. f4 Bc5+ 18. Be3 Qc6 $17 {1/2-1/2 Jens,
J-Hector,J/Fuerth 2002/CBM 90 ext (65)}) 11... Be7 12. Re1 (12. Na3 O-O 13. Bf4
Rb8 14. axb5 Nxb5 (14... axb5 15. Nc2 Nf5 16. f3 d6 17. Ng4 c6 18. Nge3 Nxe3
19. Nxe3 {1/2-1/2 Galkin,A-Belozerov,A/Tomsk 1997/EXT 2000/[Konikowski] (19)})
15. Nxb5 d6 16. Nd3 Be4 17. Nb4 Rxb5 18. Qc4 d5 $11 {1/2-1/2 Nijboer,F-Piket,J/
NLD-ch 1996/CBM 54 (23)}) (12. axb5 axb5 13. Rxa8 Qxa8 14. f3 Bd5 15. Qc2 f6
16. Nd3 O-O 17. Re1 Re8 18. Nc5 Bf8 19. Qf2 Qc8 20. Bf4 Nc4 21. Nd3 Rxe1+ 22.
Qxe1 d6 23. Nd2 Qf5 24. Ne4 Nxb2 25. Nxb2 Qxf4 26. Nd3 Qf5 27. Qe3 Bc4 28. g4
Qe6 29. Nf4 Qe7 30. d5 Qe5 31. Qd2 f5 32. gxf5 Qxf5 33. Kg2 Be7 34. h3 g5 35.
Nh5 Qf7 {0-1 Serra Olives,T-Kuzmin,A/Andorra 2000/CBM 76 ext (35)}) (12. Bf4
O-O 13. f3 Rb8 14. Na3 g5 15. Bd2 c5 16. axb5 cxd4 17. cxd4 axb5 18. Qd3 Bd5
19. Rfe1 Kh8 20. b3 f6 21. Ng4 Bf7 22. Bb4 Bg6 23. Qd2 Nf5 24. Ba5 Qe8 25. Nc2
Qf7 26. d5 h5 27. Nge3 Bc5 28. Kh1 Nxe3 29. Nxe3 b4 30. Nc4 d6 31. h4 gxh4 32.
Re6 Bf5 33. Nxd6 Bxd6 34. Rxd6 Qg6 35. Bxb4 Rxb4 36. Qxb4 Rg8 37. Qd2 h3 38.
Rg1 h4 39. Qf2 h2 40. Qxh4+ Kg7 41. Ra1 {1-0 Sanden,S-Lind,J/Lindesberg 1993/
EXT 2000 (41)}) (12. Nd2 $5) 12... O-O 13. Nd2 {Slightly better for White
according to some sources, but its not much for sure.} Rb8 14. axb5 axb5 15.
Nf1 Re8 16. Bf4 Bf8 {[%mdl 4] Black makes natural moves and has a sound
position. White needs to add some posion somewhere. Hansen is well aware of
that but end up drinking his own mixture.} 17. Ra7 Nc4 18. Nd3 Bd5 $1 19. Qd1 (
19. Rxc7 $2 Ne3 $19) (19. Bxc7 Qg5 20. Bg3 Ne3 $17) 19... Rxe1 20. Qxe1 Ra8 $1
21. Qa1 Rxa7 22. Qxa7 Qe8 $1 {A strong move giving Black a nasty attack. White
is free to take the c-P but its not very tempting any more.} 23. f3 (23. Qxc7
Qe4 $19) 23... Qe2 24. Nc5 $2 (24. Nb4 $142) 24... Nxb2 25. h3 Nd1 26. Bg3 Bc4
0-1